| 000 | 00537nam a2200169Ia 4500 | ||
|---|---|---|---|
| 008 | 090711s9999 xx 000 0 und d | ||
| 082 | _b122 | ||
| 100 | _aमहाले मुकुंद | ||
| 245 | _aशोध प्रतिशोध | ||
| 260 |
_bजाणीव प्रकाशन _c1999 |
||
| 300 | _a214 | ||
| 600 | _aमहाले मुकुंद | ||
| 630 | _aशोध प्रतिशोध | ||
| 700 | _aमहाले मुकुंद | ||
| 730 | _aशोध प्रतिशोध | ||
| 942 | _cBOOK | ||
| 999 |
_c334993 _d334993 |
||